Statistics for Cities that Hosted the Summer Olympics on the Map

Click here to take the quiz!

General Stats

  • This quiz has been taken 900 times
  • The average score is 21 of 23

Answers on the Map

Answers color-coded by a green-red scale on the quiz's map according to % correct below.
 

Answer Stats

City% Correct
London
98%
Paris
98%
Athens
97%
Los Angeles
97%
Moscow
97%
Rio de Janeiro
97%
Rome
97%
Tokyo
97%
Mexico City
96%
Beijing
95%
Seoul
95%
Barcelona
94%
Sydney
94%
Berlin
93%
Helsinki
92%
Amsterdam
91%
Stockholm
90%
Atlanta
88%
Melbourne
88%
Munich
84%
Montreal
82%
Antwerp
71%
St. Louis
70%

Score Distribution

Percentile by Number Answered

Percent of People with Each Score

Your Score History

You have not taken this quiz